Carta a las familias

Guardado en:
Detalles Bibliográficos
Autor principal: Juan Pablo II (Autor)
Formato: Libro
Lenguaje:español
Publicado: Santiago San Pablo 1994
Santiago Paulinas 1994
Materias:
Etiquetas: Agregar Etiqueta
Sin Etiquetas, Sea el primero en etiquetar este registro!

MARC

LEADER 00000cam a2200000 a 4500
001 UCX8873
003 CL-VaPUC
008 940503e19940000CL |||||||||||||||||spa|d
082 0 4 |a 262.91  |b JUA  |2 21 
100 |a Juan Pablo II  |e author  |9 309920 
245 1 0 |a Carta a las familias 
300 |a 102 p 
942 |c BK 
945 |d 19940503 00:00:00  |a aalvarez 
260 |a Santiago  |b San Pablo  |c 1994 
260 |a Santiago  |b Paulinas  |c 1994 
650 0 |a Familias   |9 255641 
650 0 |a Documentos pontificios   |9 255642 
650 0 |a Aspectos religiosos  |9 257320 
583 |a last modification  |c 20160726 03:13:32  |k Rodrigo Vera 
999 |c 228253  |d 228251 
952 |0 0  |1 0  |4 0  |6 262_910000000000000_JUA_1994_1994  |7 0  |8 P  |9 228102  |a BIBEDU  |b BIBEDU  |c BIBEDU_PB  |d 2019-11-15  |i 2976293  |o 262.91 JUA 1994 1994  |p 2976293  |r 2024-01-25  |w 2019-11-15  |y BK  |k EPE 
952 |0 0  |1 0  |4 0  |6 262_910000000000000_JUA_1994_1994  |7 0  |8 P  |9 228103  |a BIBEDU  |b BIBEDU  |c BIBEDU_PB  |d 2019-11-15  |i 2976307  |o 262.91 JUA 1994 1994  |p 2976307  |r 2024-01-25  |w 2019-11-15  |y BK  |k EPE 
952 |0 0  |1 0  |4 0  |6 262_910000000000000_JUA_1994_1994  |7 0  |8 P  |9 228104  |a BIBEDU  |b BIBEDU  |c BIBEDU_PB  |d 2019-11-15  |i 2976315  |o 262.91 JUA 1994 1994  |p 2976315  |r 2024-01-25  |w 2019-11-15  |y BK  |k EPE 
952 |0 0  |1 0  |4 0  |6 262_910000000000000_JUA_1994_1994  |7 0  |8 P  |9 228105  |a BIBEDU  |b BIBEDU  |c BIBEDU_PB  |d 2019-11-15  |i 2976323  |o 262.91 JUA 1994 1994  |p 2976323  |r 2024-01-25  |w 2019-11-15  |y BK  |k EPE 
952 |0 0  |1 0  |4 0  |6 262_910000000000000_JUA_1994_1994  |7 0  |8 P  |9 228106  |a BIBEDU  |b BIBEDU  |c BIBEDU_PB  |d 2019-11-15  |i 2976285  |o 262.91 JUA 1994 1994  |p 2976285  |r 2024-01-25  |w 2019-11-15  |y BK  |k EPE 
952 |0 0  |1 0  |4 0  |6 262_910000000000000_JUA_1994_1994  |7 0  |8 A  |9 228107  |a BIBTEO  |b BIBTEO  |d 2019-11-15  |i 4246160  |o 262.91 JUA 1994 1994  |p 4246160  |r 2025-01-17  |w 2019-11-15  |y BK  |k ICR 
952 |0 0  |1 0  |4 0  |6 262_910000000000000_JUA_1994_1994  |7 0  |8 X  |9 228108  |a FDOBUD  |b FDOBUD  |d 2019-11-15  |i 4617339  |o 262.91 JUA 1994 1994  |p 4617339  |r 2019-11-15  |w 2019-11-15  |y BK_X  |k BUD 
952 |0 0  |1 0  |3 erb  |4 0  |6 262_910000000000000_JUA_1994_1994  |7 0  |8 A  |9 228109  |a BIBTEO  |b BIBTEO  |e Villagrán Garnham, Jorge  |i 5317746  |o 262.91 JUA 1994 1994  |p 5317746  |r 2025-01-17  |w 2019-11-15  |y BK  |z Catalogado en:20160731  |k ICR